Sobre curvas alabeadas cerradas, en especial de anchura constante /
Guardado en:
| Autor Principal: | |
|---|---|
| Formato: | Libro |
| Idioma: | Spanish |
| Publicado: |
Madrid :
Consejo Superior de Investigaciones Científicas,
1949.
|
| Series: | Memorias de matemática del Instituto "Jorge Juan" ;
10 |
| Etiquetas: |
Agregar Etiqueta
Sin Etiquetas, Sea el primero en etiquetar este registro!
|
| LEADER | 00759nam a22001575a 4500 | ||
|---|---|---|---|
| 001 | MAT.inmabb000945 | ||
| 008 | 031119s1949####sp############000#0#spa#d | ||
| 005 | 20170807165048.0 | ||
| 245 | 1 | 0 | |a Sobre curvas alabeadas cerradas, en especial de anchura constante / |c Juan Sancho de San Román. |
| 260 | |a Madrid : |b Consejo Superior de Investigaciones Científicas, |c 1949. | ||
| 300 | |a vi, 65 p. ; |c 24 cm. | ||
| 440 | 0 | |a Memorias de matemática del Instituto "Jorge Juan" ; |v 10 | |
| 500 | |a "Esta Memoria fué aprobada por la Facultad de Ciencias de la Universidad Central, el 12 de febrero de 1945, y galardonada en Octubre, con Premio Extraordinario del Doctorado." | ||
| 100 | 1 | |a Sancho de San Román, Juan. | |
| 084 | |a 53-XX |2 msc2000 | ||
| 859 | |h 53 |i Sa194 |p A-792 |b BIB. MATEMATICA | ||
